Can anyone hear us? (Record no. 129933)
[ view plain ]
| 000 -LEADER | |
|---|---|
| fixed length control field | 00620nam a22002057a 4500 |
| 008 - FIXED-LENGTH DATA ELEMENTS--GENERAL INFORMATION | |
| fixed length control field | 191016b ||||| |||| 00| 0 eng d |
| 020 ## - INTERNATIONAL STANDARD BOOK NUMBER | |
| International Standard Book Number | 0195216016 |
| 050 ## - LIBRARY OF CONGRESS CALL NUMBER | |
| Classification number | HC79.P6 |
| Item number | C345 2000 |
| 100 ## - MAIN ENTRY--PERSONAL NAME | |
| Personal name | Narayan, Deepa |
| 9 (RLIN) | 48388 |
| 245 ## - TITLE STATEMENT | |
| Title | Can anyone hear us? |
| Remainder of title | voices of the poor |
| Statement of responsibility, etc | Deepa Narayan, et al... |
| 260 ## - PUBLICATION, DISTRIBUTION, ETC. (IMPRINT) | |
| Place of publication, distribution, etc | Oxford |
| Name of publisher, distributor, etc | Oxford University Press |
| Date of publication, distribution, etc | 2000 |
| 300 ## - PHYSICAL DESCRIPTION | |
| Extent | x, 341p. ; |
| Dimensions | 23cm. |
| 650 ## - SUBJECT ADDED ENTRY--TOPICAL TERM | |
| Topical term or geographic name as entry element | Poverty |
| 9 (RLIN) | 5312 |
| 650 ## - SUBJECT ADDED ENTRY--TOPICAL TERM | |
| Topical term or geographic name as entry element | Poor |
| 9 (RLIN) | 48389 |
| 700 ## - ADDED ENTRY--PERSONAL NAME | |
| Personal name | Raj Patel |
| 9 (RLIN) | 48390 |
| 700 ## - ADDED ENTRY--PERSONAL NAME | |
| Personal name | Kai Schafft |
| 9 (RLIN) | 48391 |
| 700 ## - ADDED ENTRY--PERSONAL NAME | |
| Personal name | Anne Rademacher |
| 9 (RLIN) | 48392 |
| 700 ## - ADDED ENTRY--PERSONAL NAME | |
| Personal name | Sarah Koch-Schulte |
| 9 (RLIN) | 48393 |
| 942 ## - ADDED ENTRY ELEMENTS (KOHA) | |
| Source of classification or shelving scheme | Library of Congress Classification |
| Item type | Monograph ( Printed materials) |
| Withdrawn status | Lost status | Source of classification or shelving scheme | Damaged status | Not for loan | Collection code | Home library | Current library | Shelving location | Date acquired | Total Checkouts | Full call number | Barcode | Date last seen | Price effective from | Koha item type |
|---|---|---|---|---|---|---|---|---|---|---|---|---|---|---|---|
| Library of Congress Classification | Main Collection | ARRUPE LIBRARY | ARRUPE LIBRARY | Main Collection | 16/10/2019 | HC79.P6 C345 2000 | 46600005530 | 16/10/2019 | 16/10/2019 | Monograph ( Printed materials) |